<?xml version="1.0" encoding="UTF-8"?>
<record
    xmlns:xsi="http://www.w3.org/2001/XMLSchema-instance"
    xsi:schemaLocation="http://www.loc.gov/MARC21/slim http://www.loc.gov/standards/marcxml/schema/MARC21slim.xsd"
    xmlns="http://www.loc.gov/MARC21/slim">

  <leader>00767nam a2200205   4500</leader>
  <controlfield tag="003">CO-ViMGA</controlfield>
  <datafield tag="020" ind1=" " ind2=" ">
    <subfield code="a">9789583049026</subfield>
  </datafield>
  <datafield tag="040" ind1=" " ind2=" ">
    <subfield code="a">CO-ViMGA</subfield>
    <subfield code="b">spa</subfield>
    <subfield code="c">CO-ViMGA</subfield>
  </datafield>
  <datafield tag="082" ind1="0" ind2="4">
    <subfield code="a">839.81364 </subfield>
    <subfield code="b">K11v</subfield>
  </datafield>
  <datafield tag="100" ind1="1" ind2=" ">
    <subfield code="a">Kaaberbol, Lene</subfield>
    <subfield code="d">1960-</subfield>
    <subfield code="9">1308</subfield>
  </datafield>
  <datafield tag="245" ind1="1" ind2="0">
    <subfield code="a">La bruja silvestre : </subfield>
    <subfield code="b"> la venganza de Kimera / </subfield>
    <subfield code="c"> Lene Kaaberb&#xF8;l ; traducci&#xF3;n de Marta Villarroya Estruch ; ilustraciones Oscar Camacho</subfield>
  </datafield>
  <datafield tag="260" ind1=" " ind2=" ">
    <subfield code="a">Bogota :</subfield>
    <subfield code="b">Editorial Panamericana,</subfield>
    <subfield code="c">2015</subfield>
  </datafield>
  <datafield tag="300" ind1=" " ind2=" ">
    <subfield code="a">|a 163 p&#xE1;ginas : </subfield>
    <subfield code="b">ilustraciones ;  22 cm.</subfield>
  </datafield>
  <datafield tag="534" ind1=" " ind2=" ">
    <subfield code="p">Titulo original</subfield>
    <subfield code="t">Vildheks. Kim&#xE6;ras h&#xE6;vn</subfield>
  </datafield>
  <datafield tag="650" ind1="1" ind2="4">
    <subfield code="a">Animales</subfield>
    <subfield code="9">1311</subfield>
  </datafield>
  <datafield tag="650" ind1="1" ind2="4">
    <subfield code="a">Brujas</subfield>
    <subfield code="v">Cuentos infantiles</subfield>
    <subfield code="9">1310</subfield>
  </datafield>
  <datafield tag="650" ind1="1" ind2="4">
    <subfield code="a">Cuentos infantiles daneses</subfield>
    <subfield code="y">Siglo xx</subfield>
    <subfield code="9">1309</subfield>
  </datafield>
  <datafield tag="650" ind1="1" ind2="4">
    <subfield code="a">Literatura fantastica danesa</subfield>
    <subfield code="9">1312</subfield>
  </datafield>
  <datafield tag="942" ind1=" " ind2=" ">
    <subfield code="2">ddc</subfield>
    <subfield code="c">BK</subfield>
  </datafield>
  <datafield tag="999" ind1=" " ind2=" ">
    <subfield code="c">37406</subfield>
    <subfield code="d">37406</subfield>
  </datafield>
  <datafield tag="952" ind1=" " ind2=" ">
    <subfield code="0">0</subfield>
    <subfield code="1">0</subfield>
    <subfield code="2">ddc</subfield>
    <subfield code="4">0</subfield>
    <subfield code="7">0</subfield>
    <subfield code="8">003</subfield>
    <subfield code="a">MEVIECAR</subfield>
    <subfield code="b">MEVIECAR</subfield>
    <subfield code="d">2020-04-30</subfield>
    <subfield code="l">0</subfield>
    <subfield code="o">839.81364 K11v</subfield>
    <subfield code="p">33497</subfield>
    <subfield code="r">2020-04-30 00:00:00</subfield>
    <subfield code="w">2020-04-30</subfield>
    <subfield code="y">BK</subfield>
  </datafield>
  <datafield tag="952" ind1=" " ind2=" ">
    <subfield code="0">0</subfield>
    <subfield code="1">0</subfield>
    <subfield code="2">ddc</subfield>
    <subfield code="4">0</subfield>
    <subfield code="7">0</subfield>
    <subfield code="8">003</subfield>
    <subfield code="a">MEVIECAR</subfield>
    <subfield code="b">MEVIECAR</subfield>
    <subfield code="d">2020-04-30</subfield>
    <subfield code="l">0</subfield>
    <subfield code="o">839.81364 K11v</subfield>
    <subfield code="p">33498</subfield>
    <subfield code="r">2020-04-30 00:00:00</subfield>
    <subfield code="w">2020-04-30</subfield>
    <subfield code="y">BK</subfield>
  </datafield>
</record>
